|
|
|
|
| LEADER |
00000nam0a2200000 4500 |
| 001 |
51320 |
| 005 |
20231031035301.0 |
| 035 |
|
|
|a (RuTPU)RU\TPU\book\53739
|
| 035 |
|
|
|a RU\TPU\book\13060
|
| 090 |
|
|
|a 51320
|
| 100 |
|
|
|a 20030429d1983 m y0rusy50 ca
|
| 101 |
0 |
|
|a rus
|
| 102 |
|
|
|a RU
|
| 105 |
|
|
|a y l 000zy
|
| 200 |
1 |
|
|a Правила применения и испытания средств защиты, используемых в электроустановках
|e Утв. 26 июля 1982 г.
|
| 205 |
|
|
|a 7-е изд., перераб. и доп.
|
| 210 |
|
|
|a Москва
|c Энергоатомиздат
|d 1983
|
| 215 |
|
|
|a 63 с.
|
| 610 |
1 |
|
|a электротехника
|
| 610 |
1 |
|
|a электроустановки
|
| 610 |
1 |
|
|a средства защиты
|
| 610 |
1 |
|
|a применение
|
| 610 |
1 |
|
|a испытания
|
| 610 |
1 |
|
|a электрозащитные средства
|
| 610 |
1 |
|
|a индивидуальная защита
|
| 610 |
1 |
|
|a правила
|
| 675 |
|
|
|a 621.31.004:658.382
|v 3
|
| 801 |
|
0 |
|a RU
|b 63413507
|c 20011209
|g PSBO
|
| 801 |
|
1 |
|a RU
|b 63413507
|c 20030429
|g PSBO
|
| 801 |
|
2 |
|a RU
|b 63413507
|c 20150929
|g PSBO
|
| 942 |
|
|
|c BK
|